Riziká spojené so vstupom do eurozóny

Vznik eura a eurozóny - zásadná zmena v medzinárodných menových vzťahoch. Riziká, ktoré sú spojené s prechodom na euro.

Salvato in:
Dettagli Bibliografici
Autore principale: Bachár, Vladislav
Natura: Capitolo di libro
Lingua:slovacco
Soggetti:
Tags: Aggiungi Tag
Nessun Tag, puoi essere il primo ad aggiungerne!!

MARC

LEADER 00000naa$a2200000$$$4500
001 0055877
005 20220718123443.6
041 0 |a slo 
044 |a SK 
245 1 0 |a Riziká spojené so vstupom do eurozóny  |c Vladislav Bachár 
520 |a Vznik eura a eurozóny - zásadná zmena v medzinárodných menových vzťahoch. Riziká, ktoré sú spojené s prechodom na euro. 
610 2 0 |a únie menové 
610 2 0 |a spolupráca hospodárska medzinárodná 
610 2 0 |a riziko 
610 2 0 |a legislatíva 
610 2 0 |a ceny 
610 2 0 |a euro 
610 2 0 |a eurozóna 
100 1 |a Bachár, Vladislav